Housing policy (Record no. 104458)

MARC details
000 -LEADER
fixed length control field 01467cam a2200205 4500
001 - CONTROL NUMBER
control field L130448
008 - FIXED-LENGTH DATA ELEMENTS--GENERAL INFORMATION
fixed length control field 050729n2005 000 0 eng u
020 ## - INTERNATIONAL STANDARD BOOK NUMBER
International Standard Book Number 1845321006
035 ## - SYSTEM CONTROL NUMBER
System control number (Sirsi) u130448
041 ## - LANGUAGE CODE
Language code of text/sound track or separate title eng
110 ## - MAIN ENTRY--CORPORATE NAME
Corporate name or jurisdiction name as entry element United Kingdom
Subordinate unit HM Treasury
245 ## - TITLE STATEMENT
Title Housing policy
Remainder of title an overview
260 ## - PUBLICATION, DISTRIBUTION, ETC.
Place of publication, distribution, etc. London
Name of publisher, distributor, etc. HM Treasury
Date of publication, distribution, etc. 2005
520 ## - SUMMARY, ETC.
Summary, etc. "Housing policy: an overview" sets out the importance of the government housing agenda for achieving the UK's social and economic priorities and for delivering stability and opportunity. The document builds on the detailed and comprehensive analysis set out in the Barker review of housing supply and progresses the government vision for more and better homes found in the Sustainable Communities Plan and "Homes for all and extending home ownership". It issues the challenge: either build more houses and extend home ownership to one million new homeowners in the next five years or accept the status quo of increasingly unaffordable housing constraining the nation's social and economic ambitions.
590 ## - LOCAL NOTE (RLIN)
Local note IKA020805
690 ## - LOCAL SUBJECT ADDED ENTRY--TOPICAL TERM (OCLC, RLIN)
Topical term or geographic name as entry element PROPERTY-RESIDENTIAL PROPERTY-RESIDENTIAL PROPERTY DEVELOPMENT
710 ## - ADDED ENTRY--CORPORATE NAME
Corporate name or jurisdiction name as entry element Office of the Deputy Prime Minister
9 (RLIN) 4685
856 ## - ELECTRONIC LOCATION AND ACCESS
Uniform Resource Identifier <a href="https://webarchive.nationalarchives.gov.uk/20060213221549/http://www.hm-treasury.gov.uk/media/296/69/housing_policy190705.pdf">https://webarchive.nationalarchives.gov.uk/20060213221549/http://www.hm-treasury.gov.uk/media/296/69/housing_policy190705.pdf</a>
Public note View "Housing policy: an overview" free of charge at webarchive.nationalarchives.gov.uk
942 ## - ADDED ENTRY ELEMENTS (KOHA)
Suppress in OPAC 0
Holdings
Withdrawn status Lost status Source of classification or shelving scheme Damaged status Not for loan Home library Current library Shelving location Date acquired Total Checkouts Full call number Barcode Date last seen Copy number Price effective from Koha item type
    Dewey Decimal Classification     Virtual Virtual Online 29/07/2005   ONLINE PUBLICATION 130448-2001 06/08/2019 1 06/08/2019 Book